| 000 | nam a22 a 4500 | ||
|---|---|---|---|
| 999 |
_c496 _d496 |
||
| 005 | 20170504095229.0 | ||
| 008 | 170504b1984 - ||||| |||| 00| 0 eng d | ||
| 020 | _a0316753785 | ||
| 040 | _aAKMAL | ||
| 082 | _a150 ROE | ||
| 090 |
_a150 _bROE |
||
| 245 | _aPSYCHOLOGY | ||
| 260 |
_aCanada _bLittle,Brown & Company(Canada) Limited _c1984 |
||
| 300 |
_a669pg; _c25 cm |
||
| 650 |
_apsychology _9859 |
||
| 942 |
_2ddc _cBOOK |
||